[Event "Nova Gorica op-A 17th"]
[Site "Nova Gorica"]
[Date "2012.01.31"]
[Round "7"]
[White "Pecchiari, Alberto"]
[Black "Opalic, David"]
[Result "0-1"]
[WhiteElo "1680"]
[BlackElo "1631"]
[PlyCount "34"]
[EventDate "2012.01.27"]
[EventType "swiss"]
[EventRounds "9"]
[EventCountry "SLO"]
[SourceTitle "CBM 146 Extra"]
[Source "ChessBase"]
[SourceDate "2012.02.29"]
[SourceVersion "1"]
[SourceVersionDate "2012.02.29"]
[SourceQuality "1"]

1. e4 e5 2. Nf3 Nc6 3. Bb5 Bc5 4. c3 Nf6 5. Qe2 0-0 6. 0-0 Re8 7. d3 d5 8. Be3 d4 9. Bd2 Bg4 10. h3 Bh5 11. Be1 Qd6 12. Nbd2 a6 13. Ba4 Red8 14. c4 Ne7 15. g4 Nxg4 16. hxg4 Bxg4 17. Kg2 Ng6 0-1

[Event "Nova Gorica op-A 17th"]
[Site "Nova Gorica"]
[Date "2012.01.30"]
[Round "6"]
[White "Markocic, Tine"]
[Black "Pecchiari, Alberto"]
[Result "1-0"]
[WhiteElo "1794"]
[BlackElo "1680"]
[PlyCount "59"]
[EventDate "2012.01.27"]
[EventType "swiss"]
[EventRounds "9"]
[EventCountry "SLO"]
[SourceTitle "CBM 146 Extra"]
[Source "ChessBase"]
[SourceDate "2012.02.29"]
[SourceVersion "1"]
[SourceVersionDate "2012.02.29"]
[SourceQuality "1"]

1. e4 e5 2. Bc4 Nf6 3. d3 Nc6 4. Nc3 Be7 5. f4 d6 6. Nf3 Bg4 7. h3 Bxf3 8. Qxf3 Nd4 9. Qd1 0-0 10. 0-0 exf4 11. Bxf4 Ne6 12. Be3 c6 13. Qf3 Qd7 14. Bb3 Bd8 15. Ne2 Bb6 16. c3 Bxe3+ 17. Qxe3 Nc5 18. Bc2 a5 19. d4 Ne6 20. Ng3 Ne8 21. Nf5 f6 22. Rad1 N6c7 23. Qg3 Kh8 24. e5 d5 25. Rde1 Ne6 26. Nd6 Rd8 27. Bf5 Nxd6 28. exd6 Qxd6 29. Qxd6 Rxd6 30. Rxe6 1-0

[Event "Nova Gorica op-A 17th"]
[Site "Nova Gorica"]
[Date "2012.01.28"]
[Round "3"]
[White "Pecchiari, Alberto"]
[Black "Leonardi, Caterina"]
[Result "0-1"]
[WhiteElo "1680"]
[BlackElo "1811"]
[PlyCount "94"]
[EventDate "2012.01.27"]
[EventType "swiss"]
[EventRounds "9"]
[EventCountry "SLO"]
[SourceTitle "CBM 146 Extra"]
[Source "ChessBase"]
[SourceDate "2012.02.29"]
[SourceVersion "1"]
[SourceVersionDate "2012.02.29"]
[SourceQuality "1"]

1. e4 d6 2. d4 g6 3. Nf3 Bg7 4. Be2 Nf6 5. Nc3 0-0 6. 0-0 a6 7. a4 b6 8. h3 Nbd7 9. Be3 c5 10. d5 Ne8 11. Nd2 Nc7 12. Nc4 Rb8 13. Qd2 b5 14. Na5 Bb7 15. Nxb7 Rxb7 16. Bh6 Nf6 17. Bxg7 Kxg7 18. f3 Qd7 19. axb5 axb5 20. Rfb1 b4 21. Nd1 Nb5 22. Bxb5 Qxb5 23. b3 Rc8 24. Ne3 Nd7 25. Nc4 Nb6 26. Nxb6 Qxb6 27. Qf2 Ra7 28. Ra4 Rca8 29. Rba1 Rxa4 30. bxa4 Ra5 31. Kh2 Qa6 32. Qf1 Qxf1 33. Rxf1 Rxa4 34. Rc1 c4 35. Kg3 Ra2 36. Rb1 Rxc2 37. Rxb4 Kf6 38. f4 e5 39. Ra4 h5 40. Ra3 exf4+ 41. Kxf4 g5+ 42. Kf3 Rb2 43. Ra6 Ke5 44. Rc6 Rb3+ 45. Ke2 Kxe4 46. Rxc4+ Kxd5 47. Rc7 f5 0-1

[Event "Nova Gorica op-A 16th"]
[Site "Nova Gorica"]
[Date "2011.02.03"]
[Round "9"]
[White "Pecchiari, Alberto"]
[Black "Samblic, Silvano"]
[Result "0-1"]
[WhiteElo "1621"]
[BlackElo "2028"]
[PlyCount "56"]
[EventDate "2011.01.28"]
[EventType "swiss"]
[EventRounds "9"]
[EventCountry "SLO"]
[SourceTitle "CBM 140 Extra"]
[Source "ChessBase"]
[SourceDate "2011.03.01"]
[SourceVersion "1"]
[SourceVersionDate "2011.03.01"]
[SourceQuality "1"]

1. e4 c6 2. d4 d5 3. exd5 cxd5 4. Bd3 Nc6 5. c3 Nf6 6. Bf4 e6 7. Nf3 Bd6 8. Bxd6 Qxd6 9. 0-0 0-0 10. Re1 Rb8 11. Nbd2 b5 12. a3 Nd7 13. Qc2 h6 14. Re3 a5 15. Rae1 b4 16. axb4 axb4 17. c4 b3 18. Qc1 dxc4 19. Nxc4 Qb4 20. Qd2 Ba6 21. Qxb4 Nxb4 22. Nce5 Nxe5 23. Nxe5 Bxd3 24. Rxd3 Nxd3 25. Nxd3 Rfd8 26. Ne5 Rd5 27. Nc6 Rb7 28. Re3 Rc7 0-1

[Event "Trieste op"]
[Site "Trieste"]
[Date "2010.05.20"]
[Round "4"]
[White "Bortolin, Bruno"]
[Black "Pecchiari, Alberto"]
[Result "1-0"]
[WhiteElo "1915"]
[BlackElo "1607"]
[PlyCount "59"]
[EventDate "2010.05.10"]
[EventType "swiss"]
[EventRounds "6"]
[EventCountry "ITA"]
[SourceTitle "EXT 2024"]
[Source "ChessBase"]
[SourceDate "2023.10.10"]
[SourceVersion "1"]
[SourceVersionDate "2023.10.10"]
[SourceQuality "1"]

1. e4 e5 2. Nc3 Nc6 3. g3 Bc5 4. Bg2 a6 5. Nge2 Nf6 6. d3 d6 7. 0-0 Be6 8. h3 h6 9. Nd5 Bxd5 10. exd5 Ne7 11. c4 0-0 12. d4 exd4 13. Nxd4 Bxd4 14. Qxd4 b6 15. b3 Qd7 16. Bb2 Ng6 17. Qd2 Qd8 18. Rfe1 Nd7 19. Re3 Re8 20. Be4 Qg5 21. Bxg6 Rxe3 22. Bxf7+ Kxf7 23. Qxe3 Qxe3 24. fxe3 Kg6 25. Kf2 Ne5 26. Bxe5 dxe5 27. Ke2 e4 28. Rf1 Re8 29. Kd2 Re7 30. Kc3 1-0

[Event "Nova Gorica op-B 14th"]
[Site "Nova Gorica"]
[Date "2009.02.05"]
[Round "7"]
[White "Pecchiari, Alberto"]
[Black "Grosar, Gari"]
[Result "0-1"]
[WhiteElo "1419"]
[BlackElo "1879"]
[PlyCount "158"]
[EventDate "2009.01.31"]
[EventType "swiss"]
[EventRounds "9"]
[EventCountry "SLO"]
[SourceTitle "EXT 2011"]
[Source "ChessBase"]
[SourceDate "2010.11.26"]
[SourceVersion "1"]
[SourceVersionDate "2010.11.26"]
[SourceQuality "1"]

1. e4 e5 2. Nf3 Nc6 3. Bb5 Nf6 4. 0-0 a6 5. Ba4 b5 6. Bb3 Bc5 7. c3 d6 8. d3 h6 9. Be3 0-0 10. Bxc5 dxc5 11. h3 Bb7 12. Bc2 a5 13. Nbd2 Qe7 14. Qe2 Ba6 15. Qe3 Nd7 16. Nh2 b4 17. f4 Rad8 18. f5 Nf6 19. Nc4 Bxc4 20. dxc4 Kh7 21. g4 g5 22. Rf2 Ng8 23. Nf3 f6 24. Rh2 Kg7 25. h4 Na7 26. hxg5 hxg5 27. Kg2 Nh6 28. Kg3 Rh8 29. Rd1 c6 30. Rxd8 Rxd8 31. Rd2 Rxd2 32. Nxd2 Nf7 33. Nb3 bxc3 34. Qxc3 a4 35. Na5 Nd6 36. Kf3 Qf8 37. Qe1 Qh8 38. Qg1 Qh3+ 39. Qg3 Qh1+ 40. Qg2 Qe1 41. Bxa4 Qxa5 42. Bb3 Qe1 43. Qc2 Qh1+ 44. Qg2 Qxg2+ 45. Kxg2 Nxe4 46. Bc2 Nd6 47. b3 Kf7 48. Kf3 Ke7 49. Ke3 Kd7 50. Bd1 Kc7 51. Bc2 Kb6 52. a3 Nac8 53. Bb1 Ne7 54. Bc2 Ka5 55. Bd3 Ng8 56. Be2 Nh6 57. Bd1 Kb6 58. Be2 Ka5 59. Bd1 Ka6 60. Be2 Kb6 61. Kd3 Kc7 62. Ke3 Nhxf5+ 63. gxf5 Nxf5+ 64. Kd3 Nd4 65. Bd1 f5 66. Ke3 g4 67. Kf2 Kd6 68. Kg3 Ne6 69. Bxg4 fxg4 70. Kxg4 e4 71. Kg3 Ke5 72. Kf2 Kd4 73. a4 Kd3 74. Ke1 Nc7 75. Kd1 e3 76. Ke1 e2 77. a5 Na6 78. b4 cxb4 79. c5 b3 0-1

[Event "Nova Gorica op-B 12th"]
[Site "Nova Gorica"]
[Date "2007.01.30"]
[Round "8"]
[White "Pecchiari, Alberto"]
[Black "Asanin, Svarun"]
[Result "1-0"]
[WhiteElo "1500"]
[BlackElo "1500"]
[PlyCount "45"]
[EventDate "2007.01.26"]
[EventType "swiss"]
[EventRounds "9"]
[EventCountry "SLO"]
[SourceTitle "CBM 116 Extra"]
[Source "ChessBase"]
[SourceDate "2007.03.07"]
[SourceVersion "1"]
[SourceVersionDate "2007.03.07"]
[SourceQuality "1"]

1. e4 e5 2. Nf3 Nc6 3. Bb5 a6 4. Ba4 b5 5. Bb3 Nf6 6. d3 Bc5 7. 0-0 Ng4 8. Qe2 Bxf2+ 9. Rxf2 Nd4 10. Bxf7+ Ke7 11. Nxd4 Nxf2 12. Bg5+ Kxf7 13. Qxf2+ Kg6 14. Bxd8 Rxd8 15. Qf5+ Kh6 16. Qxe5 Rf8 17. Nd2 Bb7 18. N2f3 g6 19. Qg5+ Kg7 20. Nf5+ Kh8 21. Nh6 Rg8 22. Qe5+ Rg7 23. Ng5 1-0

[Event "Nova Gorica op-B 12th"]
[Site "Nova Gorica"]
[Date "2007.01.27"]
[Round "4"]
[White "Pahor, Kristjan"]
[Black "Pecchiari, Alberto"]
[Result "0-1"]
[WhiteElo "1500"]
[BlackElo "1500"]
[PlyCount "114"]
[EventDate "2007.01.26"]
[EventType "swiss"]
[EventRounds "9"]
[EventCountry "SLO"]
[SourceTitle "CBM 116 Extra"]
[Source "ChessBase"]
[SourceDate "2007.03.07"]
[SourceVersion "1"]
[SourceVersionDate "2007.03.07"]
[SourceQuality "1"]

1. e4 e5 2. Nf3 Nc6 3. Bc4 Nf6 4. d4 d6 5. dxe5 dxe5 6. Qxd8+ Nxd8 7. 0-0 Bd6 8. Bg5 Be6 9. Bxe6 Nxe6 10. Bxf6 gxf6 11. Nc3 c6 12. Rad1 0-0-0 13. Nh4 Nd4 14. Nf5 Bf8 15. h3 h5 16. a3 Nxc2 17. Rxd8+ Kxd8 18. Rd1+ Kc7 19. Rc1 Nd4 20. Nxd4 exd4 21. Nd5+ Kd8 22. Nxf6 Ke7 23. e5 Bg7 24. Rd1 c5 25. b4 Bxf6 26. exf6+ Kxf6 27. bxc5 Rd8 28. Rc1 Rc8 29. Rd1 Ke5 30. Re1+ Kd5 31. Re7 Rxc5 32. Rxb7 Ra5 33. Rxf7 Kc4 34. Rc7+ Kb3 35. Rb7+ Kc2 36. Rc7+ Kd2 37. Kf1 Rxa3 38. g3 d3 39. Rd7 Kc2 40. f3 Ra1+ 41. Kf2 d2 42. Rc7+ Kd1 43. h4 a5 44. f4 Rc1 45. Rd7 Kc2 46. Rc7+ Kd1 47. Rd7 Rc8 48. f5 Kc2 49. Ke2 Re8+ 50. Kf3 d1Q+ 51. Rxd1 Kxd1 52. Kf4 a4 53. f6 Rf8 54. Kg5 a3 55. Kg6 a2 56. Kg7 Rxf6 57. Kxf6 a1Q+ 0-1

[Event "Nova Gorica op-B 12th"]
[Site "Nova Gorica"]
[Date "2007.01.27"]
[Round "2"]
[White "Pecchiari, Alberto"]
[Black "Petrovcic, Peter"]
[Result "0-1"]
[WhiteElo "1500"]
[BlackElo "1500"]
[PlyCount "110"]
[EventDate "2007.01.26"]
[EventType "swiss"]
[EventRounds "9"]
[EventCountry "SLO"]
[SourceTitle "CBM 116 Extra"]
[Source "ChessBase"]
[SourceDate "2007.03.07"]
[SourceVersion "1"]
[SourceVersionDate "2007.03.07"]
[SourceQuality "1"]

1. e4 e5 2. Nf3 Nc6 3. Bb5 Bc5 4. c3 a6 5. Ba4 Nf6 6. d4 exd4 7. cxd4 Bb6 8. Nc3 0-0 9. 0-0 d6 10. h3 Bd7 11. Re1 Re8 12. Bb3 h6 13. Kh1 Qc8 14. Ng1 Nxd4 15. Nd5 Nxd5 16. Bxd5 c6 17. Be3 cxd5 18. Bxd4 Ba5 19. Rc1 Qb8 20. Re3 Rxe4 21. Rxe4 dxe4 22. Be3 b5 23. Qd5 Be6 24. Qxe4 d5 25. Qd4 Qd6 26. Bf4 Qb6 27. Nf3 g5 28. Be3 Qxd4 29. Nxd4 Rc8 30. Nb3 Rxc1+ 31. Bxc1 Bb6 32. Be3 Bxe3 33. fxe3 Kg7 34. Nc5 Bc8 35. b4 Kf6 36. Kh2 Ke5 37. Kg3 f5 38. Kf3 d4 39. exd4+ Kxd4 40. a4 Kc4 41. axb5 axb5 42. Ke3 Kxb4 43. Kd4 g4 44. Nd3+ Ka3 45. Kc5 gxh3 46. gxh3 f4 47. Kxb5 f3 48. Nf2 Kb3 49. Kc5 Kc2 50. Kd4 Kd2 51. Ke4 Ke2 52. Nh1 Bxh3 53. Kf4 h5 54. Kg3 Bg2 55. Nf2 h4+ 0-1

[Event "Nova Gorica op-B 12th"]
[Site "Nova Gorica"]
[Date "2007.01.26"]
[Round "1"]
[White "Pecchiari, Alberto"]
[Black "Stolfa, Rodolfo"]
[Result "0-1"]
[WhiteElo "1500"]
[BlackElo "1890"]
[PlyCount "78"]
[EventDate "2007.01.26"]
[EventType "swiss"]
[EventRounds "9"]
[EventCountry "SLO"]
[SourceTitle "CBM 116 Extra"]
[Source "ChessBase"]
[SourceDate "2007.03.07"]
[SourceVersion "1"]
[SourceVersionDate "2007.03.07"]
[SourceQuality "1"]

1. e4 e5 2. Nf3 Nc6 3. Bb5 Nf6 4. 0-0 Be7 5. Re1 0-0 6. c3 d6 7. h3 Bd7 8. Ba4 Nb8 9. Bc2 c5 10. d4 Qc7 11. d5 b5 12. Nbd2 g6 13. c4 a6 14. a4 b4 15. a5 Nh5 16. Nf1 Bd8 17. Qd2 f5 18. exf5 Bxf5 19. Qd1 Bxc2 20. Qxc2 Nf4 21. Bxf4 Rxf4 22. N3d2 Bg5 23. g3 Rf7 24. Nf3 Rxf3 25. Nh2 Rf5 26. h4 Bh6 27. g4 Rf4 28. Re4 Qf7 29. g5 Bg7 30. Rae1 Nd7 31. Qd2 Rf8 32. f3 h6 33. Qd1 hxg5 34. hxg5 Qf5 35. Kf2 Rxe4 36. Rxe4 Qxe4 37. Qa4 Qh4+ 38. Kg2 Qxg5+ 39. Ng4 Nf6 0-1